Movimientos restauradores en la iglesia protestante de Alemania (Registro nro. 69661)
[ vista simple ]
| 000 -LÍDER | |
|---|---|
| Campo fijo de descripción fija | 01839nab a2200205 i 4500 |
| 001 - NÚMERO DE CONTROL | |
| Campo de control | 768714001 |
| 003 - IDENTIFICADOR DEL NÚMERO DE CONTROL | |
| Campo de control | CO-MdFUSB |
| 005 - FECHA Y HORA DE LA ULTIMA TRANSACCIÓN | |
| control field | 20240510120614.0 |
| 008 - ELEMENTOS DE LONGITUD FIJA -- INFORMACIÓN GENERAL | |
| Campo fijo de descripción fija -- Información general | 240509t1970 sp ||||| |||| 00| 0 spa d |
| 040 ## - FUENTE DE CATALOGACIÓN | |
| Idioma de catalogación | spa |
| Agencia que realiza la transcripción | CO-MdFUSB |
| Agencia que realiza la modificación | CO-MdFUSB |
| 041 ## - CÓDIGO DE IDIOMA | |
| Código de idioma para texto/pista de sonido o título separado | spa |
| 100 ## - ASIENTO PRINCIPAL--NOMBRE PERSONAL | |
| Nombre personal | Dietzfelbinger, Wolfgang, |
| Término relacionador | autor |
| 245 ## - TÍTULO | |
| Título | Movimientos restauradores en la iglesia protestante de Alemania |
| Mención de responsabilidad | / Wolfgang Dietzfelbinger |
| 520 ## - NOTA DE RESUMEN, ETC. | |
| Nota de sumario, etc. | En el seno de la Iglesia evangélica hay mucha fermentación, confusión, falta de reflexión, irresponsabilidad e incluso calumnia. Pero ¿no hay otra alternativa que condenar por las buenas o colaborar sin espíritu crítico? ¿No es posible un examen reposado que siga atentamente el desarrollo, bien animando y participando, o bien frenando con cuidado u oponiendo una negativa? Se puede censurar tal comportamiento como táctica de la indecisión, pero también se puede reconocer en él la confianza en el Espíritu Santo, el cual hace que lo malo se extinga a tiempo, que los extremismos terminen sin resultado, que lo inmaduro se desarrolle y que de los males del presente nazca nueva vida para el futuro.<br/>Con estas breves consideraciones quedan indicadas las perspectivas generales de los grupos confesantes. No están libres del peligro de aislarse a sí mismos y quedarse parados a la orilla derecha del camino de la Iglesia. Pero también tienen la posibilidad de alcanzar la flexibilidad suficiente para dialogar dentro de la Iglesia protestante y poder así contribuir a su bendición.<br/> |
| 650 #7 - ASIENTO SECUNDARIO DE MATERIA - TERMINO TEMÁTICO | |
| Término temático o nombre geográfico como elemento de entrada | Teología dogmática |
| 9 (RLIN) | 6937 |
| 650 #7 - ASIENTO SECUNDARIO DE MATERIA - TERMINO TEMÁTICO | |
| Término temático o nombre geográfico como elemento de entrada | Iglesia |
| 9 (RLIN) | 655 |
| 773 0# - ASIENTO DE ITEM FUENTE | |
| Biblionumber | 49450 |
| Itemnumber | 82614 |
| Otro identificador del ítem | R2541 |
| Título | Revista internacional de teología Concilium |
| Número de control del registro | (CO-MdFUSB)8 |
| Número Internacional Normalizado para Publicaciones Seriadas (ISSN) | 0210-1041 |
| Parte(s) relacionada(s) / Volumen., número. (mes año), páginas | Número 51, (enero, 1970), páginas: 112 - 119 |
| Enumeración y primera página | página: 112 |
| 942 ## - TIPO DE MATERIAL (KOHA) | |
| Tipo de Item KOHA | Artículos de Revista |
| 945 ## - INFORMACIÓN LOCAL DEL REGISTRO | |
| Catalogador | Catherine Arias Alvarez - Practicante SENA |
No hay ítems disponibles.
